000 00516nam a2200181Ia 4500
005 20250508161510.0
008 008 250505s9999 xx 000 0 eng d
037 _aTextual
040 _aFEDL
_beng
_cFEDL
041 _aeng
_2eng
084 _aB, GAN
_qFEDL
100 _aGandhi M K
245 0 _aAutobiography or the story of my experiments with truth
260 _aAhmedabad, India
_bNavjivan Prakashan Mandir
_c1927
300 _axii,404p.
942 _cTEXL
_hB, GAN
999 _c1370345
_d1370345